00223nam a2200097Ia 4500008004100000100001400041245002700055260002200082260000900104546001200113170619s9999 xx 000 0 und d aSingh V P 0aKinematics of Machines bDhanpat Rai Pub. c2003 aENGLISH